| 000 | 003410000a22001450004500 | ||
|---|---|---|---|
| 003 | MACL | ||
| 040 | _aMACL | ||
| 090 |
_c8375 _d8374 |
||
| 100 | _aKaul, H.K. | ||
| 245 | _aKnowledge Library And Information Networking NACLIN 2006 | ||
| 260 |
_bDelnet _c2007 |
||
| 350 | _a700 | ||
| 650 | _aLibrary And Information Science | ||
| 942 |
_cBOOK _k020 |
||
| 999 |
_c8322 _d8322 |
||